000 00608cam a22002291 4500
001 sa 68020201
003 DLC
005 20260227112722.0
008 890703s1966 ii 000 0 hino
010 _asa 68020201
035 _a(OCoLC)19959339
040 _aDLC
_cWaU
_dDLC
041 0 _ahineng
042 _apremarc
050 0 0 _aPE1498
_b.P67
100 1 _aPrasāda, Vāsudeva Nandana,
_d1925-
245 1 0 _aHindi anuvāda:
_bsiddhānta aura prayaga.
260 _c[1966]
300 _aii, 2, 87 p.
_c19 cm.
500 _aHindi and English.
650 0 _aEnglish language
_xTranslating into Hindi.
999 _c89292
_d89292